00335nam a2200121Ia 4500008004100000041000800041082001800049100001800067245004500085260004200130300003200172365000900204240624s9999 xx 000 0 und d aeng a658.30084 ESP aESPINOZA CHIP aMANAGING THE MILLENNIALS DISCOVER THE CO c2010aNew JerseybJohn Wiley and Sons axvii, : 172 : p. : cm. ; 23 cb30